000 01025nam a2200313 i 4500
001 000047455
003 DO-SdBNP
005 20260302105030.0
007 ta
008 091113s2016 dr 000 f spa d
020 _a9789945131888
040 _aDO-SdBNP
_bspa
_cBNPHU
_erda
082 4 _aRD863.44
_bO83s, 2016
_222
100 1 _aOsorio Gómez, Juan A.,
_929280
_eautor
245 1 0 _aSilvana o una página de la intervención /
_cJuan A. Osorio Gómez ; cuiddo de edición, Virtudes Álvarez
246 1 0 _aSilvana o una página de la intervención :
_b(1916-1924)
250 _a4ta ed.
264 _aSanto Domingo :
_bMediabyte,
_c2016.
300 _a51 páginas ;
_c22 cm.
336 _2rdacontent
_atexto
_btxt
337 _2rdamedia
_asin mediación
_bn
338 _2rdacarrier
_avolumen
_bnc
590 _aInventariado, 2023/BT
650 0 _aNovela dominicana
_9223
650 0 _aLiteratura dominicana.
_967
700 1 _aÁlvarez, Virtudes,
_d1960-
_eedición
_974097
910 _aBtavárez
942 _2ddc
_cLF2
999 _c46943
_d46943